000 006200000a22001810004500
003 MACL
005 20160409131201.0
008 160409b xxu||||| |||| 00| 0 eng d
040 _aMACL
_cMACL
041 _aHindi
082 _a500
100 _aएस पी मिश्रा
_951322
245 _aजल संसाधन
_bप्रबन्‍धन एवं संरक्षण
260 _bआविष्‍कार पब्लिशर्स डिस्‍ट्रीब्‍यूटर्स
_c2005
_aजयपुर
350 _a300
650 _aPure Sci.
_940184
942 _cHIN
_k500
_2ddc
999 _c10695
_d10695